Statistics for World's Smallest Countries

Click here to take the quiz!

General Stats

  • This quiz has been taken 15 times
  • The average score is 10 of 15

Answer Stats

HintAnswer% Correct
1Vatican
93%
2Monaco
86%
5San Marino
86%
6Liechtenstein
71%
10Malta
71%
3Nauru
71%
8Saint Kitts
71%
12Saint Vincent
71%
14Antigua
64%
13Barbados
64%
11Grenada
64%
7Marshall Islands
64%
4Tuvalu
57%
9Maldives
50%
15Seychelles
36%

Score Distribution

Percentile by Number Answered

Percent of People with Each Score

Your Score History

You have not taken this quiz